00818nam a2200253Ia 450000500170000000800410001702000130005804000190007104100120009008200150010224500620011726000430017930000340022250400340025663000250029063000370031565000130035265100330036570000280039885000100042694200070043699900160044395201050045920240307114813.0131103s9999 xx 000 0 und d cGBP 2.95 aLoreto College aEnglish a371.4bCRA aResearch and the School Counselor, cStanley H.Cramer  aBostonbHoughton Mifflin Companyc1970 axvi,202 p.b ill.,fig.,tables aIncludes references and index aEducational Guidance aStudent Guidance and Counselling aGuidance aSchools and their activities aCramer,Stanley H.,auth. aLCLIB cBK c3014d53493 00102ddc4070aMAINbMAINd2013-11-04l0o371.4 CRA 22533pB2876r2013-11-04w2013-11-04yBKf